Jigsaw Puzzle [ S

Bibliographic Details
Format: Book
Subjects:

MARC

LEADER 00000cam a2200000 7i4500
001 0000041578
005 20001201.0
090 0 0 |a 793.73   |b JIG 
245 0 0 |a Jigsaw Puzzle [  |h games] :   |b S 
300 |a 1 board games,24 pieces 
650 0 0 |a Indoor games 
999 |a G000306   |b PUZZLE (CHILDREN)   |c GAMES   |e PERPUSTAKAAN KOMUNITI PETALING JAYA 
999 |a G000307   |b PUZZLE (CHILDREN)   |c GAMES   |e PERPUSTAKAAN KOMUNITI PETALING JAYA 
999 |a G000308   |b PUZZLE (CHILDREN)   |c GAMES   |e PERPUSTAKAAN KOMUNITI PETALING JAYA 
999 |a G000309   |b PUZZLE (CHILDREN)   |c GAMES   |e PERPUSTAKAAN KOMUNITI PETALING JAYA 
999 |a G000310   |b PUZZLE (CHILDREN)   |c GAMES   |e PERPUSTAKAAN KOMUNITI PETALING JAYA 
999 |a G000311   |b PUZZLE (CHILDREN)   |c GAMES   |e PERPUSTAKAAN KOMUNITI PETALING JAYA 
999 |a G000312   |b PUZZLE (CHILDREN)   |c GAMES   |e PERPUSTAKAAN KOMUNITI PETALING JAYA 
999 |a G000313   |b PUZZLE (CHILDREN)   |c GAMES   |e PERPUSTAKAAN KOMUNITI PETALING JAYA 
999 |a G000314   |b PUZZLE (CHILDREN)   |c GAMES   |e PERPUSTAKAAN KOMUNITI PETALING JAYA 
999 |a G000315   |b PUZZLE (CHILDREN)   |c GAMES   |e PERPUSTAKAAN KOMUNITI PETALING JAYA